000 00685nam a2200241Ia 4500
005 20260121112945.0
008 10154 260114s9999 xx 000 0 eng d
020 _a9789814528955
037 _aEBOOK
040 _aCRL
_beng
_cCRL
041 _aeng
_2eng
084 _qCRL
100 _aPung Hung Keng & Chua Tat Seng
_9965930
245 0 _aMultimedia Modeling Mmm'97: Modeling Multimedia Information and Systems
260 _bWorld Scientific
260 _bWSPC
260 _c1997
650 _aComputer Science
_9965931
856 _uhttps://www.worldscientific.com/worldscibooks/10.1142/3680#t=toc
942 _cEBOOK
999 _c1547454
_d1547454